Crisis Management <A> Diagnostic Guide for Improving Your Organization's Crisis-Preparedness
Gespeichert in:
| 1. Verfasser: | |
|---|---|
| Weitere Verfasser: | |
| Format: | Buch |
| Sprache: | Englisch |
| Veröffentlicht: |
San Francisco
Jossey-Bass Publ.
1993
|
| Ausgabe: | 1. ed. |
| Schriftenreihe: | <The> Jossey-Bass Management Series
|
| Schlagworte: | |
| Tags: |
Keine Tags, Fügen Sie das erste Tag hinzu!
|
MARC
| LEADER | 00000nam a2200000 4500 | ||
|---|---|---|---|
| 001 | c020062 | ||
| 005 | 20221206075438.0 | ||
| 020 | |a 1-55542-563-1 | ||
| 041 | 0 | |a eng | |
| 044 | |a US | ||
| 245 | 1 | 0 | |a Crisis Management |b <A> Diagnostic Guide for Improving Your Organization's Crisis-Preparedness |c Ian I. Mitroff, Christine M. Pearson |
| 250 | |a 1. ed. | ||
| 264 | 1 | |a San Francisco |b Jossey-Bass Publ. |c 1993 | |
| 300 | |a 139 s. | ||
| 490 | 1 | |a <The> Jossey-Bass Management Series | |
| 830 | 0 | |a <The> Jossey-Bass Management Series | |
| 610 | 2 | 0 | |a manažment krízový |
| 610 | 2 | 0 | |a diagnostikácia |
| 610 | 2 | 0 | |a metódy riadenia |
| 100 | 1 | |a Mitroff, Ian I. | |
| 700 | 1 | |a Pearson, Christine M. | |